000 01638nam0a2200361 4500
001 RU\NLR\BIBL_A\022775968
005 20260619161919.0
010 _a978-5-91883-606-4
_91000
021 _aRU
_bКН-П-26-009990
_9КН-П-26-0955
035 _a(NLR Aleph) 022775968
090 _a13736945
_c13736945
100 _a20260406d2025 u y0rusy50 ca
101 0 _arus
102 _aRU
105 _ac z 000ay
181 0 _ai3
_baxxe
182 0 _an
200 1 _aВсем отделениям уголовного розыска
_eприключенческо-историческая повесть о создании кубанского уголовного розыска, в основе которой лежат реальные исторические события
_fАндрей Фаниев
203 _aТекст
_bвизуальный
_cнепосредственный
210 _aКраснодар
_cТрадиция
_d2025
215 _a411, [3] с.
_cпортр.
_d22
225 1 _aЛистая старые дела
300 _aНа 4-й с. авт.: лауреат премии им. В. В. Воробьёва, подполк. внутр. службы в отставке Фаниев А. В.
320 _aДр. раб. авт. в конце кн.
606 1 _aМилиция
_xИстория
_yКубанская область
_2nlr_sh2
_3RU\NLR\AUTH\6601771986
686 1 _aХ621.163.1-1
686 2 _aШ6(2=Р)8-446
700 1 _aФаниев
_bА. В.
942 _cBOOK
980 _aNB